[Event "Regionalliga Sued-Ost 1819"]
[Site "Bayern"]
[Date "2019.03.24"]
[Round "8.8"]
[White "Angermaier, Georg"]
[Black "Wudi, Tobias"]
[Result "1-0"]
[WhiteElo "1930"]
[BlackElo "1415"]
[PlyCount "75"]
[EventDate "2018.10.21"]
[EventType "team-tourn"]
[EventRounds "9"]
[EventCountry "GER"]
[SourceTitle "EXT 2022"]
[Source "ChessBase"]
[SourceDate "2021.10.06"]
[SourceVersion "1"]
[SourceVersionDate "2021.10.06"]
[SourceQuality "1"]
[WhiteTeam "Bruckmühl SK"]
[BlackTeam "Bayerwald Regen/Zwiesel"]
[WhiteTeamCountry "GER"]
[BlackTeamCountry "GER"]

1. e4 e5 2. Nf3 Nc6 3. Nc3 Nf6 4. d3 Bc5 5. Bg5 0-0 6. Qd2 Be7 7. h3 d6 8. Be2 Nd4 9. 0-0 Bd7 10. Rae1 b5 11. Be3 c5 12. Bd1 b4 13. Bxd4 cxd4 14. Ne2 a5 15. c4 Qb6 16. g4 Be6 17. Ng3 Qd8 18. Nh2 Nd7 19. f4 Nc5 20. Nf3 exf4 21. Ne2 Bg5 22. Nexd4 Bd7 23. Nxg5 Qxg5 24. Be2 Ne6 25. Nf3 Qf6 26. Rf2 g5 27. d4 Rad8 28. Bd1 h6 29. Bc2 Rfe8 30. e5 Qe7 31. Rfe2 Rc8 32. b3 Qf8 33. Qd3 Qg7 34. exd6 Nf8 35. Ne5 f6 36. Nxd7 Qxd7 37. Re7 Qd8 38. Rxe8 1-0

[Event "Arber op 7th"]
[Site "Bodenmais"]
[Date "2018.08.02"]
[Round "6"]
[White "Wudi, Tobias"]
[Black "Goerl, Peter"]
[Result "1-0"]
[WhiteElo "1491"]
[BlackElo "1315"]
[PlyCount "47"]
[EventDate "2018.07.28"]
[EventType "swiss"]
[EventRounds "9"]
[EventCountry "GER"]
[SourceTitle "CBM 185 Extra"]
[Source "ChessBase"]
[SourceDate "2018.07.29"]
[SourceVersion "1"]
[SourceVersionDate "2018.07.29"]
[SourceQuality "1"]

1. e4 d6 2. d4 e5 3. dxe5 Nc6 4. exd6 Bxd6 5. Nc3 Be6 6. Nf3 Qe7 7. Bd3 Bb4 8. Bd2 Nf6 9. 0-0 0-0 10. a3 Ba5 11. Re1 Rfd8 12. Qe2 Bg4 13. h3 Bh5 14. e5 Bxf3 15. Qxf3 Nxe5 16. Qe2 Nfd7 17. f4 Bb6+ 18. Kh1 Re8 19. fxe5 Qh4 20. Qe4 Qe7 21. Nd5 Qc5 22. Nxb6 cxb6 23. Qxh7+ Kf8 24. Bb4 1-0

[Event "Niederbayern-ch"]
[Site "Vilshofen"]
[Date "2018.04.07"]
[Round "6"]
[White "Wudi, Tobias"]
[Black "Staudinger, Simon"]
[Result "1/2-1/2"]
[WhiteElo "1484"]
[BlackElo "1775"]
[PlyCount "89"]
[EventDate "2018.04.05"]
[EventType "swiss"]
[EventRounds "7"]
[EventCountry "GER"]
[SourceTitle "EXT 2023"]
[Source "ChessBase"]
[SourceDate "2022.10.05"]
[SourceVersion "1"]
[SourceVersionDate "2022.10.05"]
[SourceQuality "1"]

1. e4 e5 2. Nf3 Nc6 3. d4 exd4 4. Nxd4 Nf6 5. Nc3 Bb4 6. Nxc6 bxc6 7. Bd3 d5 8. exd5 cxd5 9. 0-0 0-0 10. Bd2 Be6 11. Nb5 Bc5 12. Rb1 d4 13. Ba5 Bb6 14. Bxb6 axb6 15. Nxd4 Bg4 16. Be2 Bxe2 17. Nxe2 Rxa2 18. Qxd8 Rxd8 19. Nc3 Ra5 20. Rbd1 Rda8 21. h3 Kf8 22. Rfe1 Rc5 23. Rd2 b5 24. Ne4 Re8 25. Nxc5 Rxe1+ 26. Kh2 Re5 27. Nd7+ Nxd7 28. Rxd7 Rc5 29. c3 Ke8 30. Rd3 Re5 31. Re3 Rxe3 32. fxe3 Ke7 33. Kg3 Ke6 34. Kf4 Kd5 35. b3 c5 36. h4 c4 37. b4 h6 38. e4+ Ke6 39. g4 g6 40. e5 g5+ 41. hxg5 hxg5+ 42. Ke4 Kd7 43. Kd5 Ke7 44. Kd4 Ke6 45. Ke4 1/2-1/2

[Event "Niederbayern-ch"]
[Site "Vilshofen"]
[Date "2017.04.22"]
[Round "5"]
[White "Fuchs, Florian1111"]
[Black "Wudi, Tobias"]
[Result "1-0"]
[WhiteElo "1783"]
[BlackElo "1474"]
[PlyCount "43"]
[EventDate "2017.04.20"]
[EventType "swiss"]
[EventRounds "7"]
[EventCountry "GER"]
[SourceTitle "EXT 2023"]
[Source "ChessBase"]
[SourceDate "2022.10.05"]
[SourceVersion "1"]
[SourceVersionDate "2022.10.05"]
[SourceQuality "1"]

1. e4 e5 2. Nf3 Nc6 3. Bb5 d6 4. d4 exd4 5. Nxd4 Bd7 6. Nc3 Nf6 7. 0-0 Be7 8. Kh1 0-0 9. f4 Bg4 10. Qd3 Nxd4 11. Qxd4 c6 12. Be2 Bxe2 13. Nxe2 Re8 14. b3 Nd7 15. Qe3 Bf6 16. Rb1 Nc5 17. Ng3 Qb6 18. Qf3 Re7 19. Bb2 Rae8 20. Bxf6 gxf6 21. Nf5 Re6 22. Qg4+ 1-0

[Event "Niederbayern-ch"]
[Site "Vilshofen"]
[Date "2017.04.21"]
[Round "4"]
[White "Wudi, Tobias"]
[Black "Mittermaier, Johann"]
[Result "0-1"]
[WhiteElo "1474"]
[BlackElo "1664"]
[PlyCount "76"]
[EventDate "2017.04.20"]
[EventType "swiss"]
[EventRounds "7"]
[EventCountry "GER"]
[SourceTitle "EXT 2023"]
[Source "ChessBase"]
[SourceDate "2022.10.05"]
[SourceVersion "1"]
[SourceVersionDate "2022.10.05"]
[SourceQuality "1"]

1. e4 c5 2. c3 Qa5 3. Nf3 Nc6 4. Be2 e6 5. 0-0 Nf6 6. d3 Qb6 7. e5 Nd5 8. d4 cxd4 9. cxd4 Nde7 10. Na3 Nf5 11. Nc4 Qc7 12. Ne3 Nxe3 13. Bxe3 Be7 14. Rc1 Qa5 15. a3 a6 16. Qc2 b5 17. Bd3 h6 18. Be4 Bb7 19. Rfd1 Rc8 20. Qd3 b4 21. Bd2 0-0 22. Rc4 Qb6 23. Bxc6 Bxc6 24. Bxb4 Bb5 25. Rdc1 Bxc4 26. Rxc4 Rxc4 27. Qxc4 Bxb4 28. axb4 Rb8 29. h3 Qb5 30. Qa2 Rb6 31. Ne1 Qxb4 32. Nd3 Qxd4 33. Qb1 Rb3 34. Ne1 Qxb2 35. Qxb2 Rxb2 36. Nd3 Rd2 37. Nc5 a5 38. Kf1 Rd5 0-1

[Event "Niederbayern-ch"]
[Site "Vilshofen"]
[Date "2017.04.20"]
[Round "1"]
[White "Heiduk, Christoph"]
[Black "Wudi, Tobias"]
[Result "1-0"]
[WhiteElo "1891"]
[BlackElo "1474"]
[PlyCount "46"]
[EventDate "2017.04.20"]
[EventType "swiss"]
[EventRounds "7"]
[EventCountry "GER"]
[SourceTitle "EXT 2023"]
[Source "ChessBase"]
[SourceDate "2022.10.05"]
[SourceVersion "1"]
[SourceVersionDate "2022.10.05"]
[SourceQuality "1"]

1. d4 d5 2. c4 c6 3. Nf3 Nf6 4. Nc3 e6 5. e3 Bd6 6. g4 Nxg4 7. Rg1 Nxh2 8. Nxh2 Bxh2 9. Rxg7 Qf6 10. Qg4 Bd6 11. Bd3 Na6 12. a3 e5 13. Rg8+ Ke7 14. Qg2 e4 15. Rxh8 Qxh8 16. Be2 Be6 17. cxd5 cxd5 18. Nxd5+ Kd7 19. Bb5+ Kd8 20. Qxe4 Nc7 21. Nxc7 Kxc7 22. Bd2 a5 23. Rc1+ Kb8 1-0